LEADER 01135nam a2200289 a 4500 001 000000140836 003 CaOOAMICUS 005 20141205150109.0 008 141205s2014 it u001 u ita r 020 $a978-88-430-7353-5 040 $aPUL$bita 082 04$a231.042 100 1 $aRuggieri, Giuseppe.$0(OLS)http://pul/name/7192 245 10$aDella fede :$bla certezza, il dubbio, la lotta /$cGiuseppe Ruggieri. 260 $aRoma :$bCarocci,$cİ2014. 300 $a167 p. ;$c22 cm 490 1 $aSfere ;$v92 650 4$aTeologia dogmatica.$0(OLS)http://pul/subject/663 830 0$aSfere (Carocci) ;$v92.$0(OLS)http://pul/title/144030 850 $aPUL 852 $aPUL$W1$xSL Religione 3$y85$m231. 042 RUGGI 1$j162597$qDDC 21$q $B162218$CPULBib$Z2$F162218 $H125056 $81 941 1 $a9 996 $6020$a978-88-430-7353-5$9(OLS)http://pul/number/156456 996 $6082$a231.042$9(OLS)http://pul/classification/2722 996 $6245$aDella fede :$bla certezza, il dubbio, la lotta$9(OLS)http://pul/title/178196 996 $6260$aRoma :$bCarocci$9(OLS)http://pul/publisher/66917 LEADER 01175nam a2200265 a 4500 001 000000104980 003 CaOOAMICUS 005 20070514095810.0 008 070514s2006 it u000 u ita d 020 $a88-498-1479-8 040 $aUPS$bita$dPUL$dLDA 100 1 $aAntiseri, Dario,$d1940-$0(OLS)http://pul/name/1978 245 10$aLiberali e solidali :$bla tradizione del liberalismo cattolico /$cDario Antiseri. 260 $aSoveria Mannelli :$bRubbettino,$c2006. 300 $a86 p. ;$c17 cm 490 1 $aFocus (Rubbettino) ;$v15 504 $aIndicazioni bibliografiche nelle note 650 4$aLiberalismo (Economia).$0(OLS)http://pul/subject/22776 830 0$aFocus (Rubbettino) ;$v15.$0(OLS)http://pul/title/132037 850 $aPUL 852 $aPUL$W1$xSL Diritto e Scienze Sociali 3$y79$m320. 51 ANTDA 1$j117581$qDDC 21$B117524$CPULBib$Z2$F117524 $H102206 $82 941 1 $a9 996 $6020$a88-498-1479-8$9(OLS)http://pul/number/134314 996 $6245$aLiberali e solidali :$bla tradizione del liberalismo cattolico$9(OLS)http://pul/title/132036 996 $6260$aSoveria Mannelli :$bRubbettino$9(OLS)http://pul/publisher/51639